| 000 | 00794nam a2200241 i 4500 | ||
|---|---|---|---|
| 001 | 131019 | ||
| 003 | ES-MaACL | ||
| 005 | 20250820122306.0 | ||
| 007 | t| | ||
| 008 | 070214s1966 sp |||| | cat d | ||
| 100 | 1 |
_aRoche, Eugène. _998061 |
|
| 245 | 1 | 3 |
_aLa pobresa avui i aqui / _cEugène Roche ; versió catalana de Josep Mª Totosaus. |
| 250 | _a1ª ed. | ||
| 260 |
_aBarcelona : _bNova Terra, _c1966. |
||
| 300 |
_a129 p. ; _c21 cm. |
||
| 490 | 1 |
_aCol.lecció "L'Home Nou" ; _v13 |
|
| 650 | 4 |
_aPobreza- _xAspectos religiosos- _xCristianismo. _9166082 |
|
| 650 | 0 | 7 |
_aVida cristiana _2embne _917790 |
| 700 | 1 |
_aTotosaus, Josep Mª, _d1932-2014 _9111112 |
|
| 830 | 0 |
_aCol.lecció "L'Home Nou" ; _v13 _9219549 |
|
| 852 |
_aES-MaACL _jC-29798 |
||
| 999 |
_c131019 _d131019 |
||